Normal view
MARC view
- الدعدع،عزة مختار مؤلفة/أبو مغلي،سمير عبد الله م.مشارك
Entry Personal Name
001 - CONTROL NUMBER
- control field: 30376
003 - CONTROL NUMBER IDENTIFIER
- control field: JO-AjAnu
005 - DATE AND TIME OF LATEST TRANSACTION
- control field: 20230606075127.0
008 - FIXED-LENGTH DATA ELEMENTS
- fixed length control field: 230606|| aca||aabn | a|a d
040 ## - CATALOGING SOURCE
- Original cataloging agency: JO-AjAnu
- Transcribing agency: JO-AjAnu
100 ## - HEADING--PERSONAL NAME
- Personal name: الدعدع،عزة مختار مؤلفة/أبو مغلي،سمير عبد الله م.مشارك
670 ## - SOURCE DATA FOUND
- Source citation: Work cat.: (JO-AjAnu)15601: الدعدع،عزة مختار مؤلفة/أبو مغلي،سمير عبد الله م.مشارك, author, تعلم الطفل بطيئ التعلم